| 000 | 01228nam a22002177a 4500 | ||
|---|---|---|---|
| 999 |
_c63073 _d63073 |
||
| 003 | Ge_BSU | ||
| 005 | 20250529150001.0 | ||
| 008 | 250529s2022 ge ||||| |||| 00| 0 geo d | ||
| 020 | _a9789941843822 | ||
| 041 | _aგეო | ||
| 080 | _a159.923 : 316.62 : 17.035.11 ფ-94 | ||
| 100 |
_aფროიდი, ზიგმუნდ _925172 |
||
| 245 |
_aილუზიის მომავალი; სიზმართხილვის შესახებ; მასების ფსიქოლოგია და ეგოს ანალიზი / _cზიგმუნდ ფროიდი; მთარგმნელი ვახტანგ გორგიშელი; რედაქტორი დიმიტრი უჩანეიშვილი. |
||
| 264 |
_aთბილისი : _b აქტი, _c2022. |
||
| 300 |
_a216 გვ. ; _b21 სმ. |
||
| 653 | _aმასების ფსიქოლოგია | ||
| 653 | _aეგოიზმი | ||
| 700 |
_aგორგიშელი, ვახტანგ _eმთარგმნელი _913944 |
||
| 700 |
_aუჩანეიშვილი, დიმიტრი _eრედაქტორი _913895 |
||
| 942 |
_2udc _cᲬᲘᲒᲜᲘ |
||